'M' Game Quiz Stats

 Plays Quiz Updated Feb 13, 2019

Support Sporcle.
Go Orange.
Score 0/53 Timer 10:00
10 Plays Today
% Correct
Maine
85.6%
Montana
84.5%
Mississippi
84.3%
Michigan
83.9%
Minnesota
79.3%
Missouri
78.6%
Maryland
77.9%
Massachusetts
77.7%
Mexico
76.5%
Madagascar
67.2%
Morocco
62.8%
James Monroe
59.7%
Matthew
59.6%
James Madison
59.4%
Mark
59.2%
Mali
58.1%
Manchester United
56.6%
Mongolia
56.6%
Malaysia
56.3%
Macbeth
55.3%
Magnesium
52.3%
Monaco
52.2%
Malta
51.5%
Moldova
48.7%
Mozambique
46%
Manchester City
45.3%
Maldives
44.9%
% Correct
Malawi
44.8%
Myanmar
44.7%
Mauritania
43.1%
Montenegro
42.8%
Mauritius
42.6%
Moscow
38.4%
Manganese
38.1%
Mercury
37.5%
Montreal
35.3%
William McKinley
34.7%
Mexico City
33.8%
Munich
32%
Much Ado About Nothing
31.3%
Micronesia
30.2%
Marshall Islands
29.6%
Melbourne
25.2%
Merchant of Venice
24.1%
Malachi
22.3%
Molybdenum
22.2%
Micah
20.7%
Moscovium
19.3%
Middlesbrough
19.1%
Merry Wives of Windsor
18.9%
Mendelevium
16.5%
Measure for Measure
12.7%
Meitnerium
11.3%

You're not logged in!

Compare scores with friends on all Sporcle quizzes.
OR
Log In
Forgot?

From the Vault

Largest African Countries per Letter Minefield

by Mateo56

When you're the only country that starts with your letter, claiming to be the biggest doesn't mean much.
Remove Ads.
Support Sporcle.
Get the best of Sporcle when you Go Orange. This ad-free experience offers more features, more stats, and more fun while also helping to support Sporcle. Thank you for becoming a member.

Show Comments

Extras

Top Quizzes Today


Score Distribution

Your Account Isn't Verified!

In order to create a playlist on Sporcle, you need to verify the email address you used during registration. Go to your Sporcle Settings to finish the process.

Report this User

Report this user for behavior that violates our Community Guidelines.

Details: